La ciencia política en la economía dinámica / (Registro nro. 5299)

Detalles MARC
000 -LEADER
fixed length control field 01247nam a2200301Ia 4500
003 - CONTROL NUMBER IDENTIFIER
control field OSt
005 - DATE AND TIME OF LATEST TRANSACTION
control field 20200519164016.0
008 - FIXED-LENGTH DATA ELEMENTS--GENERAL INFORMATION
fixed length control field 191128s1971 mx fr 001 0 spa d
040 ## - CATALOGING SOURCE
Original cataloging agency CO-JMCR
Transcribing agency CO-JMCR
041 1# - LANGUAGE CODE
Language code of text/sound track or separate title spa
Language code of original eng
082 04 - DEWEY DECIMAL CLASSIFICATION NUMBER
Classification number 330 /
Item number I415c
Edition number 23
100 1# - MAIN ENTRY--PERSONAL NAME
Personal name Ilchman, Warrem F.,
Relator term autor
9 (RLIN) 4525
245 10 - TITLE STATEMENT
Title La ciencia política en la economía dinámica /
Statement of responsibility, etc. Warren F. Ilchman y Norman Thomas Uphoff ; traducción Daniel Vieitez
250 ## - EDITION STATEMENT
Edition statement Primera edición
260 ## - PUBLICATION, DISTRIBUTION, ETC.
Place of publication, distribution, etc. México :
Name of publisher, distributor, etc. Limusa,
Date of publication, distribution, etc. 1971
300 ## - PHYSICAL DESCRIPTION
Extent 326 páginas ;
Dimensions 22 cm.
500 ## - GENERAL NOTE
General note Incluye índice de autores y materias
504 ## - BIBLIOGRAPHY, ETC. NOTE
Bibliography, etc. note Bibliografía: páginas 297-314
505 0# - FORMATTED CONTENTS NOTE
Formatted contents note ¿Por qué economía política? -- La nueva economía política -- Los recursos políticos -- El intercambio político -- Inflación y deflación políticas -- Manejo de los recursos políticos -- La acumulación de recursos políticos
534 ## - ORIGINAL VERSION NOTE
Introductory phrase The political economy of change
546 ## - LANGUAGE NOTE
Language note Traducido del inglés
650 14 - SUBJECT ADDED ENTRY--TOPICAL TERM
Topical term or geographic name entry element Política económica
9 (RLIN) 4526
650 14 - SUBJECT ADDED ENTRY--TOPICAL TERM
Topical term or geographic name entry element Ciencias políticas
9 (RLIN) 4527
650 14 - SUBJECT ADDED ENTRY--TOPICAL TERM
Topical term or geographic name entry element Política gubernamental
9 (RLIN) 1835
700 1# - ADDED ENTRY--PERSONAL NAME
Personal name Uphoff, Norman Thomas,
Relator term autor
9 (RLIN) 4528
700 1# - ADDED ENTRY--PERSONAL NAME
Personal name Vieitez, Daniel,
Relator term traductor
9 (RLIN) 4529
942 ## - ADDED ENTRY ELEMENTS (KOHA)
Source of classification or shelving scheme Dewey Decimal Classification
Koha item type Books
Existencias
Withdrawn status Lost status Source of classification or shelving scheme Damaged status Not for loan Collection code Home library Current library Date acquired Source of acquisition Cost, normal purchase price Total Checkouts Full call number Barcode Date last seen Copy number Koha item type
    Dewey Decimal Classification     Non-fiction Biblioteca Pública José María del Castillo y Rada Biblioteca Pública José María del Castillo y Rada 04/15/2018 Donación 0.00   330 / I415c 430001682 05/16/2024 Ej.1 Books